Представление документа в формате RUSMARC

ПолеНазваниеЗначение
  Тип записи a
  Библиографический уровень a
001 Контрольный номер UONB/MAIN/37dc83cac79c4b23b928123ba3c58385
005 Дата корректировки 20260425165648.5
100 Данные общей обработки __
a Данные общей обработки 20260424 ||| 0rusy0189 ca
101 Язык документа 0_
a Язык текста rus
102 Страна публикации __
a Страна публикации RU
200 Заглавие и сведения об ответственности 1_
a Заглавие Дедушка влюбился
e Сведения, относящиеся к заглавию главы из романа
f Первые сведения об ответственности Ю. Поляков
203 Вид содержания и тип средства __
a Вид содержания Текст
b Характеристика содержания визуальный
c Тип средства непосредственный
327 Примечание о содержании 01
a Примечание о содержании Я в эфире!
a Примечание о содержании Первый блин
a Примечание о содержании В обнимку с химерой
a Примечание о содержании Трансцендентальная транспарентность
a Примечание о содержании Битва негров в черной пещере
a Примечание о содержании Под сводами
a Примечание о содержании Альтистка Данилова
a Примечание о содержании Пожарник Ригин
461 Уровень набора _0
1 2000
a Москва
1 011
a 0131-2332
463 Уровень физической единицы _0
1 2000
a № 4
v С. 22-49
1 2101
d 2026
1 001UONB/MAIN/6d325bd886904b3a98c3ff0a81559958
517 Другие варианты заглавия 1_
a Другие варианты заглавия Я в эфире!
517 Другие варианты заглавия 1_
a Другие варианты заглавия Первый блин
517 Другие варианты заглавия 1_
a Другие варианты заглавия В обнимку с химерой
517 Другие варианты заглавия 1_
a Другие варианты заглавия Трансцендентальная транспарентность
517 Другие варианты заглавия 1_
a Другие варианты заглавия Битва негров в черной пещере
517 Другие варианты заглавия 1_
a Другие варианты заглавия Под сводами
517 Другие варианты заглавия 1_
a Другие варианты заглавия Альтистка Данилова
517 Другие варианты заглавия 1_
a Другие варианты заглавия Пожарник Ригин
605 Заглавие как предмет __
a Заглавие Дедушка влюбился
l Подзаголовок формы роман
606 Тематические рубрики 0_
a Основная рубрика Художественная литература
606 Тематические рубрики 0_
a Основная рубрика Современная русская литература (произведения)
610 Ключевые слова 0_
a Ключевые слова романы
610 Ключевые слова 0_
a Ключевые слова детективные истории
610 Ключевые слова 0_
a Ключевые слова тема семейных историй
610 Ключевые слова 0_
a Ключевые слова ирония в литературе
610 Ключевые слова 0_
a Ключевые слова социальная сатира
610 Ключевые слова 0_
a Ключевые слова политическая сатира
610 Ключевые слова 0_
a Ключевые слова мистический реализм
686 Индексы других классификаций __
2 Код системы rubbk
700 Автор _1
a Фамилия Поляков
b Имя (инициалы) Ю.
g Полное личное имя Юрий
4 Код отношения 070
801 Источник записи _0
a Страна RU
b Организация Ульяновская ОНБ
c Дата составления 20260424
g Правила каталогизации RCR
801 Источник записи _1
a Страна RU
b Организация Ульяновская ОНБ
c Дата составления 20260424
g Правила каталогизации RCR
901 Тип документа __
t Тип документа b
w Контрольный № источника UONB/MAIN/6d325bd886904b3a98c3ff0a81559958